000 00961nam a22003377a 4500
001 BR2013000520
003 BR-BrBNA
005 20230928104118.0
007 ta
008 230509b bl.||||| |||| 00| 0 por d
040 _aBR-BrBNA
_bpor
_cBiblioteca Nacional de Agricultura
041 _a(Por)
072 _aQ02
_b0710
090 _ 0710 BR2013000520
100 1 _aTosato, P.G.
110 1 _aUniversidade Federal de Lavras, MG (Brasil)
_0Tese (Mestrado)
245 1 _aInfluência do etanol na secagem de maçã Fuji
260 3 _aLavras, MG (Brasil):
_c2012.
300 _a152 p.
500 _aSummaries (Eng, Por); Bibliography p. 136-146; 48 illus.; 53 tables
650 _aMAÇÃ
650 _aSECAGEM
650 _aETANOL
650 _aANÁLISE FÍSICA
650 _aTEMPERATURA
650 _aMICROSCOPIA ELETRÔNICA
650 _aQUALIDADE
650 _aMODELO MATEMÁTICO
909 _a202309
_bLucia
_c55
_dLucia Elande
942 _cBK
999 _c78187
_d78187